Disney Actors by Picture - Statistics

General Stats
  • This quiz has been taken 339 times
  • The average score is 21 of 39
Answer Stats
Picture Hint Answer % Correct
Moana, The Game Plan, Hannah Montana Etc. Dwayne Johnson
93%
Cars, Toy Story, Toy Story 2, Saving Mr. Banks, Toy Story 3, Toy Story 4, Big City Greens, Turner and Hooch Etc. Tom Hanks
81%
Beauty and the Beast Emma Watson
80%
Onward, Avengers: Infinity War Etc. Tom Holland
80%
Aladdin Will Smith
79%
The Princess Diaries, The Princess Diaries 2: The Royal Engagement Anne Hathaway
77%
The Jungle Book, Avengers: Age of Ultron Etc. Scarlett Johansson
76%
Zapped, K.C. Undercover, A.N.T. Farm Etc. Zendaya
76%
So Random! Wizards of Waverly Place Etc. Selena Gomez
75%
Onward, Guardians of the Galaxy Etc. Chris Pratt
73%
Maleficent, The Eternals Etc. Angelina Jolie
71%
Tomorrowland George Clooney
71%
Toy Story 4 Keanu Reeves
69%
The Sorcerer's Apprentice, National Treasure, National Treasure 2: The Book of Secrets Etc. Nicolas Cage
69%
The Incredibles, The Rise of Skywalker, Iron Man, Thor Etc. Samuel L. Jackson
68%
Around the World in 80 Days Jackie Chan
65%
Enchanted, Disenchanted Amy Adams
58%
Zootopia, Avengers: Infinity War Etc. Idris Elba
58%
Mary Poppins Returns, Jungle Cruise Emily Blunt
55%
The World According to Jeff Goldblum Etc. Jeff Goldblum
55%
Mary Poppins, The Princess Diaries Etc. Julie Andrews
55%
The Lion King, Cinderella Etc. Whoopi Goldberg
52%
The Muppets: Most Wanted, Thor: Ragnarok Etc. Tom Hiddleston
51%
Cinderella, Thor: Ragnarok Cate Blanchett
47%
Hamilton, Mary Poppins Returns Lin-Manuel Miranda
45%
Homeward Bound: The Incredible Journey Etc. Michael J. Fox
44%
The Country Bears Queen Latifah
44%
Alexander (Etc.) Jennifer Garner
40%
Phineas and Ferb Etc. Lucy Liu
40%
Big Shot, The Little Mermaid Live! John Stamos
38%
The Lion King Seth Rogen
38%
Fantasia 2000 Steve Martin
34%
The Lion King, Inspector Gadget, The Lion King 2: Simba's Pride Etc. Matthew Broderick
32%
Holes, Even Stevens Etc. Shia LeBeouf
27%
The Lion, The Witch and the Wardrobe James McAvoy
26%
Darby O'Gill and the Little People Sean Connery
25%
High School Musical: The Musical: The Series, Stuck in the Middle Etc. Joshua Bassett
24%
Enchanted, Disenchanted James Marsden
22%
A Bug's Life, Planes Etc. Julie-Louise Dreyfus
0%
No matching quizzes found
Score Distribution
Percent of People with Each Score
Percentile by Number Answered
Your Score History
You have not taken this quiz